Cities by Country - Alphabetically Sorted - Statistics

General Stats
  • This quiz has been taken 32 times
  • The average score is 20 of 26
Answer Stats
Hint Answer % Correct
Caen, Cannes France
100%
Agra, Ahmedabad India
100%
Fukuoka, Fukuyama Japan
100%
Bern, Basel Switzerland
100%
Istanbul, İzmir Türkiye
100%
Kharkiv, Kyiv Ukraine
97%
Erfurt, Essen Germany
93%
Warsaw, Wrocław Poland
93%
Glendale, Greensboro United States
93%
Yakutsk, Yekaterinburg Russia
90%
Jeju, Jeongju South Korea
83%
Maracaibo, Maracay Venezuela
83%
Valparaiso, Vina del Mar Chile
76%
Dalian, Dongguan China
76%
Pietermaritzburg, Port Elizabeth South Africa
76%
Umeå, Uppsala Sweden
76%
Rajshahi, Rangpur Bangladesh
72%
Qazvin, Qom Iran
69%
Xalapa de Enriquez, Xochimilco Mexico
66%
Samarinda, Semarang Indonesia
59%
Hamah, Homs Syria
59%
Lisaki, Lubumbashi Democratic Republic of the Congo
55%
Najaf, Nasiriyah Iraq
48%
Tacna, Trujillo Peru
41%
Onitsha, Oyo Nigeria
31%
Zamun, Zrenjanin Serbia
28%
No matching quizzes found
Score Distribution
Percent of People with Each Score
Percentile by Number Answered
Your Score History
You have not taken this quiz